| 000 | 00375 a2200133 4500 | ||
|---|---|---|---|
| 005 | 20250613163415.0 | ||
| 020 | _a0 273 31415 7 | ||
| 100 | _aMORRISON, A | ||
| 245 | _aStorage and Control of Stock: For Industry and Public Undertaking | ||
| 250 | _a2nd Ed. | ||
| 260 |
_aToronto _bPITMAN _c1967 |
||
| 300 |
_axiv, 271p.: ill; Chat, Figure, Table _bIndex _c21cm |
||
| 942 |
_2ddc _cBKS |
||
| 999 |
_c4016 _d4016 |
||